000 00238nam a2200097Ia 4500
005 20251222154403.0
008 251222s9999||||xx |||||||||||||| ||spa||
082 _aREF.985.008/C76/T.VII/V.III
245 0 _aLa marina: 1780-1822
942 _cLIB
999 _c35361
_d35361